MARC details
| 000 -CABECERA |
| campo de control de longitud fija |
02309nam a2200265 i 4500 |
| 001 - NÚMERO DE CONTROL |
| campo de control |
on1465268127 |
| 003 - IDENTIFICADOR DEL NÚMERO DE CONTROL |
| campo de control |
OCoLC |
| 005 - FECHA Y HORA DE LA ÚLTIMA TRANSACCIÓN |
| campo de control |
20250408085830.0 |
| 008 - DATOS DE LONGITUD FIJA--INFORMACIÓN GENERAL |
| campo de control de longitud fija |
240906t20252025enka b 001 0 eng |
| 010 ## - NÚMERO DE CONTROL DE LA BIBLIOTECA DEL CONGRESO |
| Número de control de LC |
2024040453 |
| 020 ## - NÚMERO INTERNACIONAL ESTÁNDAR DEL LIBRO |
| Número Internacional Estándar del Libro |
9781398618343 |
| 035 ## - NÚMERO DE CONTROL DEL SISTEMA |
| Número de control de sistema |
(OCoLC)1465268127 |
| 040 ## - FUENTE DE LA CATALOGACIÓN |
| Centro catalogador/agencia de origen |
DLC |
| Lengua de catalogación |
eng |
| Normas de descripción |
rda |
| Centro/agencia transcriptor |
DLC |
| Centro/agencia modificador |
IG# |
| -- |
OCLCO |
| -- |
YDX |
| -- |
UOH |
| 041 ## - CÓDIGO DE LENGUA |
| Código de lengua del texto/banda sonora o título independiente |
eng |
| 042 ## - CÃDIGO DE AUTENTICACIÃN |
| Código de autenticación |
pcc |
| 050 00 - SIGNATURA TOPOGRÁFICA DE LA BIBLIOTECA DEL CONGRESO |
| Número de clasificación |
HF5415 |
| Número de documento/Ítem |
.J48 2025 |
| 100 ## - ENTRADA PRINCIPAL--NOMBRE DE PERSONA |
| Nombre de persona |
Jia, Rose |
| Término indicativo de función/relación |
author |
| 9 (RLIN) |
25145 |
| 245 10 - MENCIÓN DE TÍTULO |
| Título |
Growth marketing strategy |
| Resto del título |
: drive profits and sustained business growth |
| Mención de responsabilidad, etc. |
/ Rose Jia. |
| 260 ## - PUBLICACIÓN, DISTRIBUCIÓN, ETC. |
| Lugar de publicación, distribución, etc. |
London ; |
| -- |
New York, NY : |
| Nombre del editor, distribuidor, etc. |
Kogan Page, |
| Fecha de publicación, distribución, etc. |
2025. |
| 300 ## - DESCRIPCIÓN FÍSICA |
| Extensión |
xv, 257 pages : |
| Otras características físicas |
illustrations ; |
| Dimensiones |
24 cm. |
| 504 ## - NOTA DE BIBLIOGRAFÍA, ETC. |
| Nota de bibliografía, etc. |
Includes bibliographical references and index. |
| 520 ## - SUMARIO, ETC. |
| Sumario, etc. |
In an era when growth marketing has become a buzzword for quick fixes, this book provides a clear roadmap for how marketers can move on from short-term hacks and utilize their full marketing funnel to gain and retain customers across any size business in any economic environment.Growth marketing is no longer just a short-term tactical approach suitable only for start-ups and SMEs looking for easy wins. Instead, it has become a real source of long-term sustainable business growth for any business, and a strategic approach that can deliver results regardless of economic environment. With marketers under pressure to consistently deliver growth in rapidly changing landscapes, this invaluable guide will provide a clear roadmap so that any marketer can develop a growth marketing strategy that delivers.Packed full of cutting-edge insights from companies like Fujifilm, GoPro, Twitch, Disney, Amazon Grocery, Tesla and American Express, Growth Marketing Strategy gives marketers practical ways to drive their business forward, moving beyond initial organic growth to a strategy that is both sustainable and resilient to changing market conditions. From exploring how to shift the mindset of the team to long-term investment and adaptability, to how your marketing team should be best structured and resourced within your organization to allow your growth marketing team to thrive, this book takes you from the fundamentals of growth marketing to how to apply it and adapt it to any challenge your business faces. |
| 650 #0 - PUNTO DE ACCESO ADICIONAL DE MATERIA--TÉRMINO DE MATERIA |
| Término de materia o nombre geográfico como elemento de entrada |
Marketing |
| 9 (RLIN) |
1020 |
| 942 ## - ELEMENTOS DE ENTRADA AGREGADA (KOHA) |
| Fuente del sistema de clasificación o colocación |
Clasificación de Library of Congress |